00868 2200313 4500001002100000005001500021035002000036007000300056008004100059040001700100100001700117245008500134250001000219300003400229504002500263020002200288041000800310082000800318084001400326090002000340260003000360700002900390850001000419600002500429990002500454990002500479990002500504990002500529INLIS00000000000247220260602075121 a0010-0220000323ta260602 0  aSBPUPADbind0 aAli abdullah1 aKisah Hikmah Para Sufi dan Ulama Salaf /cAli abdullah, Penyunting: Abd.Abdullah aCet.1 ax, 272 hlm. :bilus. ;c20 Cm aBibliografi, hlm 373 a978-979-1149-40-207aInd a900 a900 ALI k a723 YOH a L21-7 aYogyakarta :bANDI,c20180 aPenyunting: Abd.Abdullah aPUPAD 4aGeografi dan Sejarah a31.652/APBD/DPK/2019 a31.649/APBD/DPK/2019 a31.650/APBD/DPK/2019 a31.651/APBD/DPK/2019